[Event "Fejer County-chT 1213"]
[Site "Fejer Region"]
[Date "2012.12.08"]
[Round "3.19"]
[White "Varga, Peter1111"]
[Black "Nemethne, Batai Ibolya"]
[Result "1-0"]
[WhiteElo "1722"]
[BlackElo "1437"]
[PlyCount "53"]
[EventDate "2012.11.03"]
[EventType "team-tourn"]
[EventRounds "7"]
[EventCountry "HUN"]
[SourceTitle "EXT 2019"]
[Source "ChessBase"]
[SourceDate "2018.10.10"]
[SourceVersion "1"]
[SourceVersionDate "2018.10.10"]
[SourceQuality "1"]
[WhiteTeam "Etyek"]
[BlackTeam "Dunaujvaros Decs IV"]
[WhiteTeamCountry "HUN"]
[BlackTeamCountry "HUN"]

1. d4 d5 2. Nf3 Nf6 3. Bf4 Bg4 4. e3 Nbd7 5. Bd3 e6 6. Nbd2 Bd6 7. Bg3 Bxg3 8. hxg3 Qe7 9. c3 c6 10. Qb3 Bxf3 11. Nxf3 Rb8 12. Qc2 h6 13. 0-0-0 e5 14. dxe5 Nxe5 15. Nxe5 Qxe5 16. e4 0-0 17. f4 Qc7 18. e5 Nd7 19. Rde1 Nc5 20. Bf5 Ne6 21. Rh2 Qb6 22. Kb1 d4 23. Bxe6 fxe6 24. cxd4 Qxd4 25. Qg6 Rf7 26. Rxh6 Qd8 27. Reh1 1-0